000
00326nam a2200133Ia 4500
005
20260328104304.0
008
260328s9999||||xx |||||||||||||| ||und||
100
_a
Rousseau, Jacques
245
0
_a
El Contrato Social /
_c
Jacques Rousseau
260
_b
Sarpe
300
_a
200 p.
650
_a
CIENCIAS POLITICAS
942
_c
BK
999
_c
10703
_d
10703